|
|
|
|
| LEADER |
01478nam a2200457 i 4500 |
| 001 |
nkc20172901985 |
| 003 |
CZ PrNK |
| 005 |
20170817101037.0 |
| 007 |
ta |
| 008 |
170606s2017 xr af e 000 0 cze |
| 015 |
|
|
|z cnb002901985
|
| 020 |
|
|
|a 978-80-271-0458-1
|q (vázáno)
|
| 040 |
|
|
|a BOA001
|b cze
|e rda
|
| 072 |
|
7 |
|a 613
|x Hygiena. Lidské zdraví
|2 Konspekt
|9 14
|
| 080 |
|
|
|a 615.874.24
|2 MRF
|
| 080 |
|
|
|a 613.24
|2 MRF
|
| 080 |
|
|
|a 613.2
|2 MRF
|
| 080 |
|
|
|a (059.3)
|2 MRF
|
| 100 |
1 |
|
|a Janečková, Patricia,
|d 1969-
|7 mzk2008479772
|4 aut
|
| 245 |
1 |
0 |
|a Deník věčné dietářky /
|c Patricia Janečková
|
| 246 |
3 |
|
|a Deník dietářky
|
| 250 |
|
|
|a První vydání
|
| 264 |
|
1 |
|a Praha :
|b Grada,
|c 2017
|
| 300 |
|
|
|a 160 stran :
|b barevné ilustrace ;
|c 21 cm
|
| 336 |
|
|
|a text
|b txt
|2 rdacontent
|
| 337 |
|
|
|a bez média
|b n
|2 rdamedia
|
| 338 |
|
|
|a svazek
|b nc
|2 rdacarrier
|
| 650 |
0 |
7 |
|a redukce tělesné hmotnosti
|7 ph135013
|2 czenas
|
| 650 |
0 |
7 |
|a redukční diety
|7 ph125052
|2 czenas
|
| 650 |
0 |
7 |
|a výživa člověka
|7 ph127487
|2 czenas
|
| 650 |
0 |
9 |
|a weight loss
|2 eczenas
|
| 650 |
0 |
9 |
|a reducing diets
|2 eczenas
|
| 650 |
0 |
9 |
|a human nutrition
|2 eczenas
|
| 655 |
|
7 |
|a zápisníky
|7 fd133889
|2 czenas
|
| 655 |
|
9 |
|a notebooks
|2 eczenas
|
| 910 |
2 |
|
|a BOA001
|b 2-1392.211
|
| 928 |
9 |
|
|a Grada Publishing
|
| 990 |
|
|
|a BK
|
| 995 |
|
|
|a 11
|
| 991 |
|
|
|b 201707
|c NOV
|
| 996 |
6 |
|
|b 2610713694
|c 2-1392.211
|l MZK
|r Sklad / do 1 hodiny
|n 2
|p p.v.
|w 001620363
|u 000010
|a 1
|e BOA001
|j MZK50
|s P
|